00378 a2200109 4500001001000000005001700010008004100027245010800068100002400176773005100200999001700251ART_1865820260410161703.0260409a 10aA proposito de la limitación a la modificación del domicilio fiscal por medio del sistema registral1 aFerraro, Ricardo H.0 tRevista Impuestosg- Nº 2 (feb. 2011)wREV639 c15348d15348